[Event "Ports Lge"]
[Site "?"]
[Date "1983.??.??"]
[Round "?"]
[White "Brameld, Arthur F"]
[Black "Welch, Ian"]
[Result "1/2-1/2"]
[WhiteElo "2200"]
[BlackElo "2150"]
[PlyCount "61"]
[EventDate "1983.??.??"]
[EventType "swiss"]

1. d4 Nf6 2. c4 c5 3. Nf3 cxd4 4. Nxd4 e5 5. Nf3 Nc6 6. Nc3 Bb4 7. Bd2 O-O 8. e3 Re8 9. Be2 e4 10. Nd4 Nxd4 11. exd4 d5 12. O-O dxc4 13. Bxc4 Be6 14. d5 Bc8 15. Re1 Qc7 16. Qb3 Bd6 17. g3 a6 18. Bg5 Bf5 19. Rac1 Ng4 20. Bf1 Bc5 21. Nd1 Qd6 22. Bg2 b6 23. h3 Ne5 24. Bf4 Qf6 25. Bxe4 Bxh3 26. Ne3 Ng6 27. Bxg6 Qxg6 28. Qc2 Qh5 29. Qe2 Qg6 30. Qf3 Bd7 31. a3 1/2-1/2

[Event "IntService"]
[Site "?"]
[Date "1983.??.??"]
[Round "?"]
[White "Turner, Anthony"]
[Black "Brameld, Arthur F"]
[Result "1/2-1/2"]
[WhiteElo "2080"]
[BlackElo "2200"]
[PlyCount "92"]
[EventDate "1983.??.??"]
[EventType "simul"]
[EventRounds "2"]

1. d4 f5 2. c4 g6 3. Nc3 Bg7 4. Nf3 Nf6 5. g3 O-O 6. Bg5 d6 7. Bg2 c6 8. O-O Qc7 9. Rc1 e5 10. dxe5 dxe5 11. Bxf6 Bxf6 12. e4 Na6 13. Qe2 Rd8 14. Rfd1 Rxd1+ 15. Rxd1 Nc5 16. Nd2 a5 17. Nb3 Ne6 18. Qd3 a4 19. Nd2 Nd4 20. Nf3 Be6 21. Nxd4 exd4 22. Ne2 Qb6 23. Nf4 fxe4 24. Bxe4 Bf7 25. Rb1 Qb4 26. b3 axb3 27. axb3 Ra2 28. Qf3 Bg7 29. h4 Qd2 30. Nd3 Qc3 31. Qf4 Ra1 32. Qb8+ Bf8 33. Rxa1 Qxa1+ 34. Kg2 Qa6 35. Nc5 Qa3 36. Nd7 Qe7 37. Nxf8 Qxe4+ 38. Kf1 Qb1+ 39. Kg2 Qe4+ 40. Kf1 Be8 41. Nd7 Qb1+ 42. Kg2 Qe4+ 43. Kf1 Qe7 44. Ne5 Kg7 45. f4 c5 46. Nd3 Bc6 1/2-1/2

[Event "ColeCup"]
[Site "?"]
[Date "1983.??.??"]
[Round "?"]
[White "Tan, S."]
[Black "Brameld, Arthur F"]
[Result "0-1"]
[WhiteElo "2110"]
[BlackElo "2200"]
[PlyCount "170"]
[EventDate "1983.??.??"]
[EventType "simul"]
[EventRounds "4"]

1. d4 Nf6 2. c4 e6 3. Nf3 c5 4. e3 d5 5. Nc3 Nc6 6. cxd5 Nxd5 7. Be2 Be7 8. O-O O-O 9. e4 Nxc3 10. bxc3 cxd4 11. cxd4 Bb4 12. Bb2 Qa5 13. Qb3 Rd8 14. Rac1 Bd7 15. Rc4 b5 16. Rc2 a6 17. Rd1 Rac8 18. h3 Bd6 19. Ne1 Qb4 20. Qe3 Qa5 21. Rdc1 Ne7 22. Kf1 Ng6 23. e5 Be7 24. Qb3 Bg5 25. Rxc8 Bxc8 26. Rc6 Bd2 27. Nf3 Bb7 28. Rc2 Bb4 29. a3 Be7 30. Qe3 Rc8 31. Rxc8+ Bxc8 32. Qc1 Bb7 33. g3 Qb6 34. Nd2 Qc6 35. Qxc6 Bxc6 36. Nb1 Bd8 37. Ke1 Ne7 38. Kd2 Bb6 39. Kd3 Nd5 40. Nc3 Nxc3 41. Bxc3 Kf8 42. Bb4+ Ke8 43. Kc3 Kd7 44. Bd3 g6 45. f4 Bg2 46. Bc2 Kc6 47. Kd3 Bxh3 48. Ke3 Bg2 49. Bd1 Bd5 50. Bc2 h5 51. Bd1 Bd8 52. Bc2 h4 53. gxh4 Bxh4 54. Bd1 Bg3 55. Bc2 Bh2 56. Bd1 Bg1+ 57. Kd3 Bc4+ 58. Ke4 Bf1 59. Bb3 Bg2+ 60. Kd3 Bd5 61. Bd1 Bf2 62. Bd2 Bh4 63. Ba5 Be7 64. Bc2 Bxa3 65. Bd1 Bc4+ 66. Kc3 Bc1 67. Bf3+ Kd7 68. Be2 Bxe2 69. Bb6 Bxf4 70. Ba5 Kc6 71. Bd8 Bg3 72. Bf6 Be1+ 73. Kb3 a5 74. Be7 a4+ 75. Ka3 Kd5 76. Bc5 Kc4 77. Kb2 b4 78. Ka2 Bc3 79. Kb1 Bxd4 80. Bd6 Bd1 81. Be7 a3 82. Kc1 Bb3 83. Kd2 a2 84. Bd6 a1=Q 85. Bxb4 Qd1# 0-1

[Event "Ports Lge"]
[Site "?"]
[Date "1983.??.??"]
[Round "?"]
[White "Carter, Roy"]
[Black "Brameld, Arthur F"]
[Result "0-1"]
[WhiteElo "1820"]
[BlackElo "2200"]
[PlyCount "60"]
[EventDate "1983.??.??"]
[EventType "swiss"]

1. e4 Nf6 2. e5 Nd5 3. Nf3 d6 4. exd6 cxd6 5. d4 g6 6. c4 Nb6 7. Be3 Bg7 8. Be2 Nc6 9. Nc3 Bg4 10. b3 O-O 11. Rc1 e6 12. O-O d5 13. c5 Nc8 14. a3 N8e7 15. b4 a6 16. b5 axb5 17. Nxb5 Nf5 18. Rb1 Qa5 19. h3 Bxf3 20. Bxf3 Qa4 21. Qd2 Nfxd4 22. Bxd4 Nxd4 23. Bd1 Qa5 24. Qxa5 Rxa5 25. Nd6 Rxc5 26. Rxb7 Be5 27. Rb6 Bxd6 28. Rxd6 Rb8 29. Ra6 Rc1 30. Bg4 Rxf1+ 0-1

[Event "CoshCh"]
[Site "?"]
[Date "1983.??.??"]
[Round "?"]
[White "Brameld, Arthur F"]
[Black "Train, Geoff"]
[Result "1-0"]
[WhiteElo "2200"]
[BlackElo "1670"]
[PlyCount "47"]
[EventDate "1983.??.??"]
[EventType "swiss"]

1. e4 d6 2. d4 Nf6 3. Nc3 g6 4. f4 Bg7 5. Bd3 b6 6. e5 dxe5 7. dxe5 Nfd7 8. Be4 c6 9. Qf3 Bb7 10. Be3 Nc5 11. Bxc5 bxc5 12. Nge2 O-O 13. h4 f5 14. Bd3 Qc7 15. h5 g5 16. fxg5 e6 17. O-O-O Bxe5 18. Bc4 Re8 19. Qxf5 Bc8 20. g6 Kh8 21. Qg5 Ba6 22. Rhf1 Bxc4 23. Rf7 Qc8 24. Qxe5+ 1-0

[Event "IntService"]
[Site "?"]
[Date "1983.??.??"]
[Round "?"]
[White "Putt, P."]
[Black "Brameld, Arthur F"]
[Result "0-1"]
[WhiteElo "1960"]
[BlackElo "2200"]
[PlyCount "84"]
[EventDate "1983.??.??"]
[EventType "simul"]
[EventRounds "2"]

1. Nf3 f5 2. d3 Nf6 3. g3 g6 4. Bg2 Bg7 5. c3 c6 6. Na3 O-O 7. Qb3+ d5 8. O-O Nbd7 9. d4 Ne4 10. Ng5 Nxg5 11. Bxg5 h6 12. Bd2 e5 13. e3 Kh7 14. f4 e4 15. c4 c5 16. Nc2 dxc4 17. Qxc4 Nb6 18. Qxc5 Be6 19. Bc3 Rf7 20. Na3 Rc7 21. Qb5 Nc4 22. Nxc4 Bxc4 23. Qa4 b5 24. Qd1 Bxf1 25. Bxf1 Rb7 26. a3 Qd5 27. Qd2 Bf8 28. Rc1 Rc8 29. Be2 Rbc7 30. b4 Qb3 31. Bb2 Rc2 32. Bd1 Rxd2 33. Bxb3 Rxc1+ 34. Bxc1 Rd3 35. Be6 Rd1+ 36. Kf2 Rxc1 37. Bd7 a6 38. Ke2 Rc2+ 39. Kd1 Rc3 40. Kd2 Rxa3 41. Bc8 Bxb4+ 42. Ke2 Ra2+ 0-1

[Event "BrChQual"]
[Site "?"]
[Date "1983.??.??"]
[Round "?"]
[White "Brameld, Arthur F"]
[Black "Miller, G."]
[Result "1-0"]
[WhiteElo "2200"]
[BlackElo "1910"]
[PlyCount "97"]
[EventDate "1983.??.??"]
[EventType "swiss"]

1. e4 d5 2. exd5 Qxd5 3. Nc3 Qa5 4. Bc4 Nf6 5. Nf3 Bg4 6. h3 Bh5 7. O-O e6 8. Re1 Nbd7 9. d4 c6 10. Qe2 Qf5 11. g4 Nxg4 12. Bd3 Qf6 13. Bg5 Nh2 14. Bxf6 Nxf3+ 15. Kh1 Nxf6 16. Ne4 Nxe1 17. Qxe1 Bf3+ 18. Kg1 Nxe4 19. Bxe4 Bxe4 20. Qxe4 Be7 21. Rd1 O-O 22. Rd3 Rfd8 23. c3 Rd5 24. h4 Rad8 25. Rg3 Bf6 26. Qf4 Rf5 27. Qg4 Rdd5 28. Rf3 Rg5 29. hxg5 Rxg5 30. Qxg5 Bxg5 31. c4 Bf6 32. Rb3 Bxd4 33. Rxb7 g5 34. b4 g4 35. Kg2 h5 36. Kg3 Kg7 37. c5 Kg6 38. Rxa7 Be5+ 39. Kg2 h4 40. Rd7 h3+ 41. Kh1 f5 42. a4 f4 43. b5 g3 44. fxg3 fxg3 45. b6 Bf4 46. Rd3 Kf5 47. a5 e5 48. a6 e4 49. Rxg3 1-0

[Event "CoshCh"]
[Site "?"]
[Date "1983.??.??"]
[Round "?"]
[White "Smith, Andrew D"]
[Black "Brameld, Arthur F"]
[Result "0-1"]
[WhiteElo "2610"]
[BlackElo "2200"]
[PlyCount "110"]
[EventDate "1983.??.??"]
[EventType "swiss"]

1. e4 Nf6 2. e5 Nd5 3. d4 d6 4. Nf3 g6 5. Bc4 Nb6 6. Bb3 Bg7 7. Ng5 d5 8. O-O Nc6 9. c3 Bf5 10. Qe2 Qd7 11. Re1 h6 12. Nf3 Na5 13. Bc2 Bxc2 14. Qxc2 Rc8 15. Bf4 e6 16. Nbd2 Nac4 17. Nxc4 dxc4 18. Rad1 Nd5 19. Bg3 b5 20. Nd2 O-O 21. Ne4 Qe7 22. f4 Rb8 23. a3 a5 24. b4 Ra8 25. h3 Ra7 26. Rb1 Qd7 27. Bh2 Rfa8 28. Rb2 Qc6 29. g4 axb4 30. axb4 Ra3 31. Kf2 R8a7 32. Rg1 Qa8 33. Rd1 Kh8 34. Rd2 Ra1 35. Rb1 Rxb1 36. Qxb1 Ra1 37. Qb2 Rh1 38. Kg3 Ne3 39. Kf3 Nd1 40. Qc2 Qa1 41. Bg3 Rg1 42. Ke2 Rg2+ 43. Kf3 Rxd2 44. Qxd2 Nb2 45. d5 Qh1+ 46. Ke3 Nd1+ 47. Kd4 exd5 48. Kxd5 c6+ 49. Kd4 Qf3 50. g5 h5 51. Kc5 Qxe4 52. Qd8+ Kh7 53. Qxd1 Qe3+ 54. Kxc6 Qxg3 55. f5 Qxe5 0-1

[Event "Ports Lge"]
[Site "?"]
[Date "1983.??.??"]
[Round "?"]
[White "Brameld, Arthur F"]
[Black "Wells, Peter K"]
[Result "1/2-1/2"]
[WhiteElo "2200"]
[BlackElo "2320"]
[PlyCount "64"]
[EventDate "1983.??.??"]
[EventType "swiss"]

1. d4 Nf6 2. c4 e6 3. Nc3 Bb4 4. Bg5 h6 5. Bh4 c5 6. Rc1 cxd4 7. Qxd4 Nc6 8. Bxf6 Nxd4 9. Bxd8 Kxd8 10. e3 Nc6 11. a3 Bxc3+ 12. Rxc3 b6 13. Nf3 Bb7 14. Be2 Ke7 15. O-O Rac8 16. c5 bxc5 17. Rxc5 d6 18. Rc3 Na5 19. Rfc1 Rxc3 20. Rxc3 Rc8 21. Rxc8 Bxc8 22. Nd4 Bd7 23. b4 Nc6 24. Nb3 e5 25. Bb5 Be6 26. Nd2 Nb8 27. Kf1 d5 28. Ke2 Kd6 29. Nb3 d4 30. Nc5 Bd5 31. f3 dxe3 32. Kxe3 Nc6 1/2-1/2

[Event "ColeCup"]
[Site "?"]
[Date "1983.??.??"]
[Round "?"]
[White "Pavlovic, Tim"]
[Black "Brameld, Arthur F"]
[Result "0-1"]
[WhiteElo "2005"]
[BlackElo "2200"]
[PlyCount "92"]
[EventDate "1983.??.??"]
[EventType "simul"]
[EventRounds "4"]

1. e4 c5 2. Nc3 e6 3. g3 d5 4. exd5 exd5 5. Bg2 Nf6 6. d3 Be7 7. Nge2 Nc6 8. Bg5 d4 9. Bxf6 Bxf6 10. Ne4 O-O 11. O-O Be7 12. Nf4 f5 13. Nd2 Bg5 14. Qh5 Bxf4 15. gxf4 Be6 16. Rae1 Bd5 17. Nf3 g6 18. Qh3 Qc7 19. Ne5 Bxg2 20. Qxg2 Rf6 21. Re2 Re6 22. Rfe1 Rae8 23. Qd5 Qd6 24. Qxd6 Rxd6 25. Nxc6 Rxe2 26. Rxe2 Rxc6 27. Re5 Kf7 28. h4 b6 29. Kg2 Re6 30. Kg3 Kf6 31. Rxe6+ Kxe6 32. Kf3 Kd5 33. Ke2 b5 34. Kf3 a5 35. Ke2 a4 36. a3 c4 37. Kd2 Kc5 38. c3 Kd5 39. Ke2 dxc3 40. bxc3 cxd3+ 41. Kxd3 Kc5 42. Kc2 Kc4 43. Kd2 Kb3 44. f3 Kxa3 45. Kc2 b4 46. c4 b3+ 0-1

[Event "RNCC"]
[Site "?"]
[Date "1983.??.??"]
[Round "1"]
[White "Brameld, Arthur F"]
[Black "Farmer, R."]
[Result "1/2-1/2"]
[WhiteElo "2200"]
[BlackElo "1735"]
[PlyCount "109"]
[EventDate "1983.??.??"]
[EventType "simul"]
[EventRounds "7"]

1. e4 e6 2. d4 d5 3. Nc3 Nf6 4. Bg5 Be7 5. e5 Nfd7 6. Bxe7 Qxe7 7. f4 O-O 8. Nf3 a6 9. Bd3 h6 10. Qd2 c5 11. f5 exf5 12. Nxd5 Qd8 13. Ne3 cxd4 14. Nxf5 Nxe5 15. Nxe5 Bxf5 16. Bxf5 Re8 17. O-O Rxe5 18. Qd3 Nc6 19. Bh7+ Kf8 20. Bg6 f6 21. Rf4 Qe7 22. Raf1 Rd8 23. Qh3 Re1 24. Qh4 Rxf1+ 25. Kxf1 Rd5 26. Be4 Re5 27. Bxc6 bxc6 28. Rxd4 Rf5+ 29. Rf4 Re5 30. Qf2 Qe6 31. b3 Rd5 32. Qe2 Qd6 33. Qe4 Rd1+ 34. Kf2 Rd2+ 35. Kf3 Qc5 36. Qb4 Qxb4 37. Rxb4 Rxc2 38. Ra4 g5 39. Rxa6 Kf7 40. b4 h5 41. a4 Rc3+ 42. Kf2 Rc2+ 43. Kf3 Kg6 44. h3 Rc3+ 45. Kf2 h4 46. Rb6 Kf5 47. b5 cxb5 48. Rxb5+ Ke4 49. a5 Rc2+ 50. Kg1 Ra2 51. Rb4+ Kf5 52. Rb5+ Kg6 53. Rc5 Kh5 54. Rf5 Kg6 55. Rb5 1/2-1/2

[Event "RNCC"]
[Site "?"]
[Date "1983.??.??"]
[Round "2"]
[White "Jarvis, P."]
[Black "Brameld, Arthur F"]
[Result "0-1"]
[WhiteElo "2460"]
[BlackElo "2200"]
[PlyCount "102"]
[EventDate "1983.??.??"]
[EventType "simul"]
[EventRounds "7"]

1. c4 e5 2. Nc3 Nc6 3. a3 g6 4. d3 Bg7 5. Nf3 d6 6. e3 Nge7 7. Be2 O-O 8. Rb1 f5 9. O-O h6 10. h3 Be6 11. Nh2 Qd7 12. b3 Rf7 13. Bb2 Raf8 14. f3 f4 15. e4 Nd4 16. Nb5 Nxb5 17. cxb5 Qxb5 18. Kh1 Bxb3 19. Qd2 Qa4 20. Rbc1 Nc6 21. Rc3 Nd4 22. Ra1 c5 23. Bd1 b5 24. Rb1 Rb7 25. Bxb3+ Nxb3 26. Qc2 Nd4 27. Qd1 Qxd1+ 28. Rxd1 a5 29. Rcc1 Ne2 30. Rc2 Ng3+ 31. Kg1 Rc8 32. Nf1 h5 33. Rf2 Ra8 34. Nd2 Bf6 35. Nb1 b4 36. Rfd2 Bd8 37. Bc1 a4 38. Rb2 Rab8 39. Nd2 bxa3 40. Rxb7 Rxb7 41. Bxa3 Ba5 42. Nc4 Bc3 43. Nxd6 Bd4+ 44. Kh2 Rb3 45. Nc4 h4 46. Bxc5 Bxc5 47. Nxe5 Bd4 48. Nxg6 a3 49. e5 a2 50. e6 Rb1 51. e7 Kf7 0-1

[Event "RNCC"]
[Site "?"]
[Date "1983.??.??"]
[Round "3"]
[White "Short, M."]
[Black "Brameld, Arthur F"]
[Result "0-1"]
[WhiteElo "1605"]
[BlackElo "2200"]
[PlyCount "54"]
[EventDate "1983.??.??"]
[EventType "simul"]
[EventRounds "7"]

1. d4 f5 2. c4 g6 3. c5 Bg7 4. Bf4 d6 5. cxd6 cxd6 6. h3 Qb6 7. e3 e5 8. dxe5 dxe5 9. Bg5 h6 10. Qd8+ Qxd8 11. Bxd8 Kxd8 12. Nc3 Be6 13. Bb5 a6 14. Rd1+ Ke7 15. Ba4 b5 16. Bb3 Bxb3 17. axb3 Nf6 18. Nf3 Nc6 19. O-O Rhd8 20. Rd2 Rxd2 21. Nxd2 e4 22. Ra1 Ra7 23. f3 exf3 24. gxf3 Rd7 25. Rxa6 Nb4 26. Rb6 Rxd2 27. Rxb5 Nfd5 0-1

[Event "RNCC"]
[Site "?"]
[Date "1983.??.??"]
[Round "4"]
[White "Brameld, Arthur F"]
[Black "Schreiber, Ian"]
[Result "1-0"]
[WhiteElo "2200"]
[BlackElo "1750"]
[PlyCount "111"]
[EventDate "1983.??.??"]
[EventType "simul"]
[EventRounds "7"]

1. d4 d5 2. c4 e5 3. dxe5 d4 4. Nf3 Nc6 5. a3 Bg4 6. Nbd2 Qe7 7. h3 Bh5 8. g4 Bg6 9. Nb3 Be4 10. Bg5 f6 11. Bf4 Bxf3 12. exf3 fxe5 13. Bg3 O-O-O 14. Bd3 Nf6 15. Qe2 Nd7 16. f4 exf4 17. Qxe7 Bxe7 18. Bxf4 Bh4 19. O-O Rhf8 20. Bh2 Rf3 21. Rad1 Rdf8 22. Rd2 Rxh3 23. f4 Re8 24. Kg2 Ree3 25. Nc1 Kd8 26. Be2 Nf6 27. Bf3 Rxh2+ 28. Kxh2 Ne4 29. Bxe4 Rxe4 30. Re2 Re3 31. Rxe3 dxe3 32. Rd1+ Ke7 33. Kg2 Na5 34. Rd4 Bf2 35. Re4+ Kf7 36. b4 Nc6 37. Nd3 b6 38. Nxf2 exf2 39. Kxf2 g6 40. Kg3 Nd8 41. Rd4 Ke7 42. Rd1 Ne6 43. Rh1 Nf8 44. Kf3 Kf6 45. g5+ Ke6 46. Ke4 c6 47. Rh6 Ke7 48. f5 Kf7 49. Ke5 gxf5 50. Rxc6 f4 51. Rf6+ Ke7 52. Rxf8 Kxf8 53. Kxf4 Ke7 54. Ke5 Kf7 55. Kd6 Kg6 56. c5 1-0

[Event "RNCC"]
[Site "?"]
[Date "1983.??.??"]
[Round "5"]
[White "Brameld, Arthur F"]
[Black "Brokenshire, Laurie P"]
[Result "1-0"]
[WhiteElo "2200"]
[BlackElo "1880"]
[PlyCount "51"]
[EventDate "1983.??.??"]
[EventType "simul"]
[EventRounds "7"]

1. e4 e5 2. f4 exf4 3. Nf3 Be7 4. Bc4 Bh4+ 5. Kf1 d6 6. d4 Nh6 7. Bxf4 Be6 8. Bb3 Qe7 9. Nc3 Nd7 10. h3 g5 11. Be3 Qf6 12. d5 Ne5 13. dxe6 fxe6 14. Ke2 O-O-O 15. Qd2 Rhf8 16. Raf1 Nxf3 17. Rxf3 Qe5 18. Rhf1 Rxf3 19. Rxf3 d5 20. exd5 Nf5 21. g4 Ng3+ 22. Kd1 exd5 23. Qd4 Qe7 24. Kc1 Ne4 25. Nxd5 Qe8 26. Qxa7 1-0

[Event "RNCC"]
[Site "?"]
[Date "1983.??.??"]
[Round "6"]
[White "Astbury, Julian"]
[Black "Brameld, Arthur F"]
[Result "0-1"]
[WhiteElo "2800"]
[BlackElo "2200"]
[PlyCount "94"]
[EventDate "1983.??.??"]
[EventType "simul"]
[EventRounds "7"]

1. d4 f5 2. c4 g6 3. Nc3 Bg7 4. e3 d6 5. Bd3 e5 6. Nge2 c6 7. O-O Ne7 8. Rb1 a5 9. b3 O-O 10. Bb2 Na6 11. a3 Be6 12. Bc2 Qc7 13. d5 Bf7 14. Qd2 Kh8 15. e4 f4 16. f3 g5 17. Nd1 c5 18. Nf2 Be8 19. Bc3 b6 20. Kh1 h5 21. Ng1 Bf6 22. g4 Kg7 23. Ngh3 Rh8 24. Ng1 Rh7 25. Nfh3 Bd7 26. Qg2 Rah8 27. Rf2 Qc8 28. Bd1 hxg4 29. fxg4 Rh4 30. Rfb2 Bxg4 31. Bxg4 Rxg4 32. Qf3 Ng6 33. Be1 Nh4 34. Bxh4 Rgxh4 35. Rg2 Rxh3 36. Nxh3 Rxh3 37. Qf2 Qh8 38. Rbg1 Qh7 39. Rxg5+ Bxg5 40. Rxg5+ Kf7 41. Rf5+ Ke8 42. Kg1 Qg6+ 43. Qg2 Qxg2+ 44. Kxg2 Rxb3 45. h4 Rxa3 46. h5 Rg3+ 47. Kf2 Ke7 0-1

[Event "RNCC"]
[Site "?"]
[Date "1983.??.??"]
[Round "7"]
[White "Eland, Dave"]
[Black "Brameld, Arthur F"]
[Result "0-1"]
[WhiteElo "2800"]
[BlackElo "2200"]
[PlyCount "72"]
[EventDate "1983.??.??"]
[EventType "simul"]
[EventRounds "7"]

1. e4 Nf6 2. Nc3 d5 3. d4 dxe4 4. Be3 e6 5. Nge2 Bd7 6. h3 Bc6 7. Qd2 Nbd7 8. g4 Bb4 9. a3 Bxc3 10. Nxc3 h6 11. Be2 Nb6 12. Rg1 g5 13. O-O-O Nbd5 14. Bb5 Qd7 15. Bc4 O-O-O 16. Rgf1 Nxc3 17. Qxc3 Nd5 18. Qb3 Kb8 19. Rd2 f5 20. Re2 Rde8 21. gxf5 exf5 22. f3 f4 23. fxe4 Nxe3 24. Rxe3 fxe3 25. d5 Ba4 26. Qxe3 Bb5 27. Bxb5 Qxb5 28. Rd1 Rhf8 29. d6 cxd6 30. Qg3 Qe5 31. Qg1 Qxe4 32. Kb1 Rc8 33. Qh2 Ka8 34. Qxd6 Qxc2+ 35. Ka1 Rf2 36. Qd8 Qxb2# 0-1

[Event "CoshCh"]
[Site "?"]
[Date "1983.??.??"]
[Round "?"]
[White "Brameld, Arthur F"]
[Black "Carter, Roy"]
[Result "1-0"]
[WhiteElo "2200"]
[BlackElo "1820"]
[PlyCount "51"]
[EventDate "1983.??.??"]
[EventType "swiss"]

1. e4 e5 2. f4 Bc5 3. Nf3 d6 4. Nc3 Nf6 5. Bc4 Nc6 6. d3 Bg4 7. h3 Bxf3 8. Qxf3 Qe7 9. Bb5 O-O-O 10. Bxc6 bxc6 11. Be3 Bd4 12. Ne2 Bxe3 13. Qxe3 c5 14. O-O Rhe8 15. b4 Nd7 16. bxc5 Nxc5 17. Rab1 f6 18. Rb4 d5 19. fxe5 fxe5 20. exd5 Rxd5 21. Rfb1 Red8 22. Qf3 Qe6 23. Nc3 Rd4 24. Rb8+ Kd7 25. Rxd8+ Kxd8 26. Qf8+ 1-0

[Event "Ports Lge"]
[Site "?"]
[Date "1983.??.??"]
[Round "?"]
[White "Wheeler, John F"]
[Black "Brameld, Arthur F"]
[Result "1-0"]
[WhiteElo "2175"]
[BlackElo "2200"]
[PlyCount "59"]
[EventDate "1983.??.??"]
[EventType "swiss"]

1. d4 Nf6 2. c4 e6 3. Nf3 c5 4. d5 b5 5. g3 bxc4 6. Nc3 exd5 7. Nxd5 Bb7 8. e4 Nxe4 9. Bxc4 Qa5+ 10. Kf1 Ba6 11. Qe2 f5 12. Kg2 Bxc4 13. Qxc4 Bd6 14. b4 cxb4 15. Bb2 Qa6 16. Qb3 Nc6 17. Bxg7 O-O-O 18. Bxh8 Rxh8 19. Rac1 h5 20. Nxb4 Bxb4 21. Qxb4 Qe2 22. Rhf1 h4 23. Nd4 Qa6 24. Nxf5 Nxg3 25. fxg3 Qxa2+ 26. Rf2 Qd5+ 27. Kg1 Kc7 28. Qf4+ Kd8 29. Nxh4 Kc8 30. Rb2 1-0

[Event "ColeCup"]
[Site "?"]
[Date "1983.??.??"]
[Round "?"]
[White "Brameld, Arthur F"]
[Black "Wheeler, John F"]
[Result "1-0"]
[WhiteElo "2200"]
[BlackElo "2175"]
[PlyCount "75"]
[EventDate "1983.??.??"]
[EventType "simul"]
[EventRounds "4"]

1. e4 e5 2. f4 Bc5 3. Nf3 d6 4. Nc3 Nc6 5. Bb5 Bg4 6. h3 Bxf3 7. Qxf3 Nge7 8. f5 O-O 9. f6 Nd4 10. Qg4 Ng6 11. fxg7 Kxg7 12. Ba4 Qh4+ 13. g3 Qxg4 14. hxg4 Nf3+ 15. Ke2 Ng5 16. d3 f6 17. Nd5 c6 18. Nc7 Rac8 19. Bxg5 Rxc7 20. Bh6+ Kh8 21. Bxf8 Nxf8 22. Raf1 Kg7 23. Bb3 Rd7 24. Rf5 d5 25. exd5 cxd5 26. Rhf1 Ne6 27. Rxf6 Nf4+ 28. R6xf4 exf4 29. gxf4 Re7+ 30. Kd1 d4 31. Bd5 Bb4 32. Be4 b6 33. g5 h6 34. f5 Rf7 35. f6+ Kh8 36. g6 Rd7 37. Bf5 Rd6 38. a3 1-0

[Event "Ports Lge"]
[Site "?"]
[Date "1983.??.??"]
[Round "?"]
[White "Brameld, Arthur F"]
[Black "Pavlovic, Tim"]
[Result "1-0"]
[WhiteElo "2200"]
[BlackElo "2005"]
[PlyCount "63"]
[EventDate "1983.??.??"]
[EventType "swiss"]

1. e4 Nf6 2. e5 Nd5 3. d4 d6 4. Nf3 Bg4 5. h3 Bxf3 6. Qxf3 dxe5 7. dxe5 e6 8. a3 c6 9. Nd2 Nd7 10. Qg3 Qc7 11. Nc4 O-O-O 12. Bd2 Kb8 13. O-O-O f6 14. Re1 fxe5 15. Nxe5 Bd6 16. f4 Nxe5 17. fxe5 Bf8 18. Bc4 g6 19. Rhf1 Bg7 20. Qg4 Rhe8 21. Bg5 Rd7 22. Bxd5 Rxd5 23. Bf6 Bh6+ 24. Kb1 Bf8 25. Qh4 Qd7 26. Qg4 c5 27. Rd1 Rd4 28. c3 Rxd1+ 29. Rxd1 Qc7 30. Qa4 Qc6 31. Qxc6 bxc6 32. Rd7 1-0

[Event "BrChQual"]
[Site "?"]
[Date "1983.??.??"]
[Round "?"]
[White "Brameld, Arthur F"]
[Black "Clarke, Peter H"]
[Result "1-0"]
[WhiteElo "2200"]
[BlackElo "2260"]
[PlyCount "85"]
[EventDate "1983.??.??"]
[EventType "swiss"]

1. e4 c5 2. Nf3 e6 3. d4 cxd4 4. Nxd4 Nf6 5. Nc3 d6 6. Bc4 a6 7. Bb3 Be7 8. Be3 Qc7 9. Qe2 Nc6 10. O-O-O b5 11. Nxc6 Qxc6 12. f3 Bb7 13. g4 O-O-O 14. a4 $1 b4 15. Rd4 $1 bxc3 16. Rc4 cxb2+ 17. Kxb2 Kd7 18. Rxc6 Bxc6 19. g5 Ne8 20. Rf1 Nc7 21. Rd1 Rb8 22. Ka2 Rhc8 23. Bc5 Ne8 24. Qe3 Ba8 25. Ba3 f6 26. Qf4 Rc6 27. h4 Nc7 28. gxf6 gxf6 29. Qh6 Rg8 30. Qxh7 Rg2 31. Bb2 Ke8 32. Qh5+ Kf8 33. Bc1 Kg8 34. Be3 d5 35. Rg1 Rxg1 36. Bxg1 dxe4 37. fxe4 Bb7 38. Qg6+ Kf8 39. Be3 Bd8 40. Bh6+ Ke7 41. Qh7+ Kd6 42. Bf8+ Ke5 43. Qd7 1-0

[Event "CoshCh"]
[Site "?"]
[Date "1983.??.??"]
[Round "?"]
[White "Brameld, Arthur F"]
[Black "Smith, R."]
[Result "1-0"]
[WhiteElo "2200"]
[BlackElo "2810"]
[PlyCount "87"]
[EventDate "1983.??.??"]
[EventType "swiss"]

1. e4 e6 2. d4 d5 3. e5 c5 4. c3 Nc6 5. Nf3 cxd4 6. cxd4 Nge7 7. Nc3 Nf5 8. g4 Nh4 9. Nxh4 Qxh4 10. Bf4 h5 11. Be2 hxg4 12. Qd2 Bb4 13. Rg1 Bd7 14. Rxg4 Qh7 15. O-O-O O-O-O 16. Rdg1 g6 17. Bg5 Rde8 18. Bf6 Qxh2 19. Bxh8 Rxh8 20. Bf3 Qh7 21. Rh1 Qg8 22. Rgh4 Rxh4 23. Rxh4 Ne7 24. Bg4 Nf5 25. Rh3 Qd8 26. Bxf5 gxf5 27. Rh7 Qg8 28. Rh1 Kb8 29. a3 Ba5 30. Qe3 Bd8 31. Qg3 Qxg3 32. fxg3 f6 33. Rh7 Kc8 34. Kc2 fxe5 35. dxe5 a6 36. Rg7 Kc7 37. Nxd5+ Kc6 38. Nf6 Bc8 39. Rg8 Kc7 40. Ne8+ Kd7 41. Nd6 b5 42. Rg6 Bc7 43. Rg7+ Kd8 44. Rg8+ 1-0

[Event "CoshCh"]
[Site "?"]
[Date "1983.??.??"]
[Round "?"]
[White "Brameld, Arthur F"]
[Black "Crossin, Austin D"]
[Result "1-0"]
[WhiteElo "2220"]
[BlackElo "1765"]
[PlyCount "105"]
[EventDate "1983.??.??"]
[EventType "swiss"]

1. e4 c5 2. Nf3 d6 3. d4 cxd4 4. Qxd4 Nc6 5. Bb5 Bd7 6. Bxc6 Bxc6 7. Nc3 Nf6 8. Bg5 e5 9. Qd3 Be7 10. O-O-O Qb6 11. Rd2 O-O 12. h3 Rfd8 13. Rhd1 h6 14. Bxf6 Bxf6 15. g4 g6 16. h4 Bg7 17. Qe3 Qc7 18. Nd5 Bxd5 19. Rxd5 Rac8 20. c3 Qc4 21. Kb1 Rc6 22. Qd3 Qxd3+ 23. R1xd3 f6 24. h5 Kf7 25. hxg6+ Kxg6 26. Nh4+ Kf7 27. Nf5 Bf8 28. b3 b6 29. c4 Rd7 30. Ne3 Ke6 31. Rd1 Rh7 32. Rh1 a6 33. Kb2 Rcc7 34. b4 Rcg7 35. Kb3 h5 36. gxh5 Rg5 37. Nf5 Rgxh5 38. Rxh5 Rxh5 39. Rxd6+ Bxd6 40. Ng7+ Kf7 41. Nxh5 Kg6 42. Ng3 Kg5 43. Nf5 Bf8 44. Ne3 a5 45. a3 axb4 46. axb4 Be7 47. Nd5 Bd8 48. Kc3 Kg4 49. Kd3 Kf3 50. c5 bxc5 51. bxc5 Kxf2 52. c6 Kf3 53. Nxf6 1-0

[Event "CoshCh"]
[Site "?"]
[Date "1983.??.??"]
[Round "?"]
[White "Gibson, Dave"]
[Black "Brameld, Arthur F"]
[Result "0-1"]
[WhiteElo "1925"]
[BlackElo "2220"]
[PlyCount "68"]
[EventDate "1983.??.??"]
[EventType "swiss"]

1. e4 Nf6 2. e5 Nd5 3. c4 Nb6 4. d4 d6 5. exd6 exd6 6. Nc3 Be7 7. Nf3 O-O 8. Be2 Nc6 9. d5 Ne5 10. Nxe5 dxe5 11. O-O f5 12. b3 Bc5 13. Be3 Bxe3 14. fxe3 Qg5 15. Qc1 a6 16. e4 f4 17. c5 Bh3 18. Bf3 Nd7 19. Kh1 Bg4 20. Ne2 Rf6 21. Ng1 Rg6 22. Rf2 Nf6 23. Re2 Nh5 24. Bxg4 Qxg4 25. Nf3 Rf8 26. Kg1 Qxf3 27. Qc2 Qg4 28. Rf2 f3 29. Raf1 Nf4 30. Rxf3 Qxg2+ 31. Qxg2 Rxg2+ 32. Kh1 Rxa2 33. d6 cxd6 34. cxd6 Rd2 0-1

[Event "CoshClub"]
[Site "?"]
[Date "1983.??.??"]
[Round "?"]
[White "Brameld, Arthur F"]
[Black "Carter, Anthony FC"]
[Result "1-0"]
[WhiteElo "2220"]
[BlackElo "2040"]
[PlyCount "143"]
[EventDate "1983.??.??"]
[EventType "match"]
[EventRounds "2"]

1. e4 e5 2. f4 exf4 3. Nf3 d6 4. d4 Nf6 5. Nc3 Nh5 6. Bc4 Be7 7. O-O O-O 8. Ne1 g6 9. Be2 Ng7 10. Bxf4 Nc6 11. Nd5 Be6 12. Nxe7+ Nxe7 13. Nf3 f6 14. Qe1 Kh8 15. d5 Bd7 16. c4 b6 17. Rc1 a5 18. Rc3 g5 19. Bxg5 fxg5 20. Nxg5 Rxf1+ 21. Bxf1 Qg8 22. Qh4 Rf8 23. Rg3 Ng6 24. Qh6 Rf4 25. Nf3 Ne8 26. Rxg6 Qxg6 27. Qxf4 Nf6 28. Bd3 Kg7 29. h3 Nh5 30. Qg5 Qxg5 31. Nxg5 Nf4 32. Bf1 Kf6 33. Nf3 Be8 34. Kh2 a4 35. g3 Ng6 36. g4 Ne5 37. Kg3 Bg6 38. Kf4 Nxf3 39. Kxf3 Kg7 40. Kf4 Kf6 41. h4 h6 42. g5+ hxg5+ 43. hxg5+ Ke7 44. Bh3 Kf7 45. Be6+ Kg7 46. Kg4 Be8 47. Kf4 Bg6 48. Bf5 Be8 49. e5 dxe5+ 50. Kxe5 Bf7 51. b3 axb3 52. axb3 Bh5 53. Bc2 Bf3 54. d6 cxd6+ 55. Kxd6 Be2 56. Kc6 b5 57. cxb5 Bf3+ 58. Kc7 Bg2 59. b6 Bf3 60. b7 Bxb7 61. Kxb7 Kf8 62. Bf5 Kg7 63. Kc7 Kf8 64. b4 Kg7 65. b5 Kf8 66. b6 Kg7 67. b7 Kf8 68. b8=Q+ Kg7 69. Qd8 Kf7 70. Qf6+ Kg8 71. Be6+ Kh7 72. Qh6# 1-0